00313nam a22000977a 4500082002100000100001500021245007200036260007700108300001000185650002000195 aPKP T108 In8\c.2 aN.C.E.R.T. aIntroductory macroeconomics : textbook for class XIIcby N.C.E.R.T. aNew Delhi bNational Council of Educational Research and Training c2007 a109p. aMacroeconomics